Astronomičeskij ježegodnik na 2008 god : 87.rok izdanija

Salvato in:
Dettagli Bibliografici
Natura: Libro
Lingua:russo
Pubblicazione: Sankt-Peterburg : Nauka, 2007
Tags: Aggiungi Tag
Nessun Tag, puoi essere il primo ad aggiungerne!!

MARC

LEADER 00000nam a22000003a 4500
001 stu154613
005 20150408182448.2
008 080109s2007----ru------------------rus-d
020 |a 978-5-02-025179-3 
040 |a STU  |b slo 
041 0 |a rus 
044 |a ru 
080 |a 521 
245 |a Astronomičeskij ježegodnik na 2008 god :  |b 87.rok izdanija 
260 |a Sankt-Peterburg :  |b Nauka,  |c 2007 
300 |a 686 s 
996 |c V*49796/O-22065  |l VV3  |s P  |a 0  |w stu154613_0001